| 000 | 00712nam a22002177a 4500 | ||
|---|---|---|---|
| 999 |
_c20877 _d20877 |
||
| 003 | AR-CdUCM | ||
| 008 | 190304b ||||| |||| 00| 0 spa d | ||
| 040 |
_aMUNICIPALIDAD PROVINCIAL DEL CUSCO _cBIBLIOTECA MUNICIPAL DEL CUSCO |
||
| 082 |
_a003.5 / _bJ79 |
||
| 100 |
_aJramoi, A.V. _943578 |
||
| 245 | _aIntroducción e historia de la cibernética / | ||
| 260 |
_aMéxico : _bGrijalbo, _c1969. |
||
| 300 |
_a157 páginas ; _c19 cm. |
||
| 505 | _aContenido : Historia de la cibernética -- Introducción a la cibernética. | ||
| 650 |
_aObjeto de la cibernética _943579 |
||
| 650 |
_aHistoria _9136 |
||
| 650 |
_aTeoría _95077 |
||
| 700 |
_aBravo, Jose Maria _943580 |
||
| 942 |
_2ddc _cLIBROS |
||
| 945 | _arcc | ||